000 00895nmm a2200277 a 4500
001 ocm0001256700
003 TR-IsHL
005 20201028160219.0
008 150709s2013 tu tur
007 cr cn
020 _a9789753558563
035 _a1256700
_b(N$T)
050 0 4 _aDR486
_b.O93 2013
090 0 4 _aDR486
_b.O93 2013
100 1 _aÖzbilgen, Erol
245 1 0 _a99 soruda Osmanlı
_h[electronic resource] /
_cErol Özbilgen
250 _a3. bs.
260 _aİstanbul :
_bİz Yayıncılık,
_c2013
300 _a232 p.
650 4 _aTarih
650 4 _aHistory
650 0 _aTürkiye
_xTarih
_xOsmanlı İmparatorluğu, 1288-1918
650 0 _aTurkey
_xHistory
_xOttoman Empire, 1288-1918
650 7 _aHISTORY / Middle East / Turkey & Ottoman Empire
_2bisacsh
856 4 0 _uhttp://search.ebscohost.com/login.aspx?direct=true&scope=site&db=e011xww&AN=1256700
999 _c13486
_d13486